Encyclopedia of ethical, legal, and policy issues in biotechnology. V.2 V.2
Enregistré dans:
| Auteur principal: | |
|---|---|
| Format: | Livre |
| Publié: |
Wiley-Interscience
2000
|
| Tags: |
Ajouter un tag
Pas de tags, Soyez le premier à ajouter un tag!
|
| Thư viện lưu trữ: | Mạng thư viện Đại học Đà Nẵng |
|---|
| LEADER | 00585nam a2200217 a 4500 | ||
|---|---|---|---|
| 001 | 000030305 | ||
| 003 | 7442 | ||
| 005 | 20171030145630.0 | ||
| 008 | 171030s2000 | ||
| 040 | |a LTT | ||
| 082 | 0 | |a 174.97 |b MU-T | |
| 100 | 1 | |a Murray, T. H | |
| 245 | 0 | 0 | |a Encyclopedia of ethical, legal, and policy issues in biotechnology. V.2 |c T. H. Murray and M. J. Mehlman. |n V.2 |
| 260 | |b Wiley-Interscience |c 2000 | ||
| OWN | |a LTT | ||
| 999 | |a From the UDN01 | ||
| TYP | |a Monograph | ||
| TYP | |a Printed language | ||
| 980 | |a Mạng thư viện Đại học Đà Nẵng | ||